HOUDI - Trouver tous ses titres - Statistiques

Statistiques générales
  • Ce quiz a été pris 118 fois
    4 depuis la dernière actualisation
  • Le résultat moyen est 44 sur 138
Statistiques - réponses
Album % Correct
EKKO
100%
HOUDSIDER
100%
MEDICAMENT
100%
SENSATION
100%
SUNSEX
100%
100 (ft.Guy2Bezbar)
67%
AILLEURS
67%
BELLE CHANSON
67%
BONBONNE
67%
CALMÉ
67%
CALMITO
67%
CANDIDAT
67%
CHOUCHOU DES MADAMES
67%
DIAMOND
67%
ENSEMBLE
67%
FREESTYLE D'AMOUR
67%
GHRÜNT
67%
GHRÜNT #77
67%
GRANDES AFFAIRES
67%
HOOD
67%
ILLÉGALEMENT
67%
J'ÉTEINS TOUT
67%
LAISSE MOI
67%
LE DERNIER RAYON DE SOLEIL
67%
LES HEURES
67%
LE TOUR DE LA PLANÈTE
67%
MODE HARDCORE (ft.Ziak)
67%
MONACO
67%
NUAGES(ft.winnterzuko)
67%
PAS DE PROBLÈME (ft.Bekar)
67%
PEINTURE
67%
PLATA
67%
RÉPÉTER
67%
RIBÉRY
67%
SCORE
67%
SIROCCO +
67%
SORCIÈRE
67%
SOURIRE MÉCANIQUE
67%
TÉLÉPHONE
67%
TRANQUILLEMENT
67%
TU VERRAS
67%
WOKA
67%
77ÈME ÉTAGE
33%
AVANT TOI
33%
AVEC OU SANS TOI
33%
BABYLONE
33%
BANLIEUE DE PARIS
33%
BARA
33%
BLEU
33%
BONUS INQUIÉTANT
33%
BRUME
33%
Cagoule
33%
CALMADA
33%
CALMOS
33%
CIEL
33%
CONTRE LA GALERE
33%
DALIDA (ft.So La Lune)
33%
DÉRAPAGES (ft.Lesram)
33%
DISPARAÎTRE
33%
FPH #0
33%
FPH #1
33%
FPH #2
33%
FPH #3
33%
HLM PARASOL
33%
HOOD VOLUME.1
33%
INTÉRIEUR
33%
INTERLUDE
33%
INTRO
33%
JE T'AIME
33%
La folie
33%
LA FOLIE DES GRANDEURS
33%
MÉDICALE
33%
Négocie pas
33%
Nuketown
33%
On décolle
33%
OP
33%
PAPILLON
33%
Pas les mots
33%
PEINE
33%
PETITE SOEUR
33%
RAP CONSCIENT
33%
SCOOTER
33%
SOUS LE MANTEAU
33%
SUN7
33%
TOTALLY SPIES
33%
20 ANS (ft.34murphy)
0%
7734
0%
À PERTE (ft.Dosseh)
0%
AQUA
0%
AUTRE PART
0%
AVANT LES YEUX (ft.StonyStone)
0%
B&B
0%
BONUS EFFRAYANT
0%
Boulot
0%
CALCULS
0%
CAUCHEMAR 3
0%
CHERRY
0%
CORRECTION
0%
CRACK
0%
DANS ÇA
0%
ENCHANTÉ
0%
EN DIDI
0%
En pétard
0%
FLEUR
0%
GRV PAS LE TEMPS
0%
HNINA (ft.GhostKillerTrack)
0%
HOUTRO
0%
JEUNE MATRIXÉ
0%
JOUEURS DE SEX
0%
LA BÊTE
0%
LA BÊTE (interlude)
0%
LA SEULE JOIE
0%
LE 12 ÈME
0%
LE TEMPS
0%
Lumière noire
0%
Magicien d'Oz
0%
MAUVAIS RÊVES
0%
M'EFFACER
0%
MILLION
0%
MUSIQUE GROSSE QUANTITÉ
0%
NEW JERSEY
0%
PAS LA PEINE
0%
PAS NORMAL
0%
PILE OU FACE
0%
RAPPEL
0%
RIP
0%
RÜDIGER
0%
SOCIOPATHE
0%
Sophie Tel
0%
TÉNÉBREUX
0%
TOMBÉ DU CIEL
0%
TP
0%
TRABAJAW
0%
TROUBLE FÊTE
0%
UNE PLAQUETTE A MARBELLA
0%
Wadup!?
0%
Aucun quiz correspondant
Distribution des résultats
% des personnes avec chaque résultat
Percentile par nombre de réponses
Votre historique - résultats
Vous n’avez pas pris ce quiz depuis la dernière actualisation